| Tag |
First Indicator |
Second Indicator |
Subfields |
| LEADER |
00000cam a2200000 a 4500 |
| 001 |
in00000075761 |
| 005 |
20151008054842.0 |
| 008 |
820310s1982 enka b 00110 eng d |
| 010 |
|
|
|a 81005877
|
| 020 |
|
|
|a 0130112542
|
| 035 |
|
|
|a (OCoLC)08233959
|
| 035 |
|
|
|9 AAJ1863AM
|
| 040 |
|
|
|a ONU
|c ONU
|d TXA
|d UtOrBLW
|
| 049 |
|
|
|a TXAM
|c [1442382]
|
| 050 |
0 |
0 |
|a QA76.9.S88
|b I47 1982
|
| 100 |
1 |
|
|a Iliffe, J. K.
|
| 245 |
1 |
0 |
|a Advanced computer design /
|c J.K. Iliffe.
|
| 263 |
|
|
|a 8109
|
| 264 |
|
1 |
|a London ;
|a Englewoods Cliffs, N.J. :
|b Prentice-Hall International,
|c [1982]
|
| 264 |
|
4 |
|c ©1982
|
| 300 |
|
|
|a ix, 469 pages :
|b illustrations ;
|c 24 cm.
|
| 336 |
|
|
|a text
|b txt
|2 rdacontent
|
| 337 |
|
|
|a unmediated
|b n
|2 rdamedia
|
| 338 |
|
|
|a volume
|b nc
|2 rdacarrier
|
| 500 |
|
|
|a Includes index.
|
| 504 |
|
|
|a Bibliography: pages 450-464.
|
| 650 |
|
0 |
|a System design.
|
| 650 |
|
0 |
|a Computer programming.
|
| 650 |
|
0 |
|a Programming languages (Electronic computers)
|
| 999 |
|
|
|a MARS
|
| 999 |
f |
f |
|s cb6cdd70-99b3-3a84-8c93-261a54947b38
|i e5b22589-2375-3444-8464-4042172f0d3d
|t 0
|
| 952 |
f |
f |
|p ric
|a Texas A&M University
|b Rellis Campus
|c Joint Library Facility
|d Remote Storage
|t 0
|e QA76.9.S88 I47 1982
|h Library of Congress classification
|i unmediated -- volume
|m A14806203035
|
| 998 |
f |
f |
|a QA76.9.S88 I47 1982
|t 0
|l Remote Storage
|